The institutions of Comecon /

Bibliographic Details
Main Author: Schiavone, Giuseppe
Format: Book
Language:English
Published: London : Macmillan, 1981.
Subjects:

MARC

Tag First Indicator Second Indicator Subfields
LEADER 00000cam a2200000 a 4500
001 in00000081712
005 20151008054128.0
008 810501s1981 enk b 00110 eng d
020 |a 0333283023 
035 |a (OCoLC)07383159 
035 |9 AAH9725AM 
040 |a DJB  |c DJB  |d TXA  |d UtOrBLW 
043 |a ee----- 
049 |a TXAM  |c [1803405] 
090 |a HC244  |b .S295 1981a 
092 |a 338.949  |b Sch31i 
100 1 |a Schiavone, Giuseppe. 
245 1 4 |a The institutions of Comecon /  |c Giuseppe Schiavone. 
264 1 |a London :  |b Macmillan,  |c 1981. 
300 |a vii, 260 pages ;  |c 23 cm. 
336 |a text  |b txt  |2 rdacontent 
337 |a unmediated  |b n  |2 rdamedia 
338 |a volume  |b nc  |2 rdacarrier 
500 |a Includes indexes. 
504 |a "A selective bibliography by Linda Ervin": pages 187-246. 
610 2 0 |a Council for Mutual Economic Assistance. 
999 |a MARS 
999 f f |s c3b8fd74-f5b2-3d1b-a20b-c99a48143fd9  |i cbb60df9-068c-3038-beeb-f8cb23582df4  |t 0 
952 f f |p ric  |a Texas A&M University  |b Rellis Campus  |c Joint Library Facility  |d Remote Storage  |t 0  |e HC244 .S295 1981a  |h Library of Congress classification  |i unmediated -- volume  |m A14806122378 
998 f f |a HC244 .S295 1981a  |t 0  |l Remote Storage